Score 0/44 Timer 08:00
0 Plays Today
Episodes TV Drama % Correct
331ER
73.2%
456Law & Order
69.3%
317CSI: Crime Scene Investigation
65.7%
232CSI: Miami
51.8%
357Dallas
51.8%
398^NCIS: Naval Criminal Investigative Service
50.4%
364^Grey's Anatomy
49.1%
483^Law & Order: SVU
39.5%
635Gunsmoke
36.2%
261NYPD Blue
35.2%
431Bonanza
33.8%
220Dynasty
32.3%
323Criminal Minds
30.5%
240^Hawaii Five-O
27.4%
262^NCIS: Los Angeles
24.7%
264Murder, She Wrote
22.1%
245Bones
19.9%
296Beverly Hills 90210
19.9%
327^Supernatural
19.8%
276Dragnet
18.9%
226Melrose Place
18.5%
217^Blue Bloods
18.4%
Episodes TV Drama % Correct
278Hawaii Five-O
18%
204Little House on the Prairie
17.7%
271Perry Mason
17.6%
218X-Files
16.5%
344Knots Landing
16.4%
227Falcon Crest
16.1%
221The Waltons
14.9%
227JAG
11%
2437th Heaven
10.2%
217Smallville
10.1%
591Lassie
8.3%
217Rawhide
8%
243Baywatch
7.9%
203Walker, Texas Ranger
6.5%
212Touched By an Angel
6.3%
284Wagon Train
5.8%
221Lone Ranger
5%
225Have Gun - Will Travel
4.6%
249The Virginian
4%
240The FBI
3.7%
214Stargate SG-1
3.1%
20677 Sunset Strip
2.2%
Remove Ads.
Support Sporcle.
Get the best of Sporcle when you Go Orange. This ad-free experience offers more features, more stats, and more fun while also helping to support Sporcle. Thank you for becoming a member.

You're not logged in!

Compare scores with friends on all Sporcle quizzes.
OR
Log In

Show Comments

Extras

Top Quizzes Today


Score Distribution

Your Account Isn't Verified!

In order to create a playlist on Sporcle, you need to verify the email address you used during registration. Go to your Sporcle Settings to finish the process.

Report this User

Report this user for behavior that violates our Community Guidelines.

Details: